[Event "Veteranos"]
[Site "?"]
[Date "2010.??.??"]
[Round "2.14"]
[White "Samper, Julio Alfredo"]
[Black "Codina, Juan"]
[Result "0-1"]
[WhiteElo "1540"]
[BlackElo "1608"]
[PlyCount "118"]

1. e4 e6 2. Nf3 d5 3. exd5 exd5 4. d4 c6 5. c3 h6 6. Ne5 Bd6 7. Qf3 Qf6 8. Be2
Bxe5 9. dxe5 Qxe5 10. Be3 Nf6 11. Bd4 Qg5 12. Bxf6 Qxf6 13. Qxf6 gxf6 14. Nd2
Rg8 15. g3 Bg4 16. f3 Be6 17. O-O-O Nd7 18. f4 O-O-O 19. Nb3 Rde8 20. Bf3 Bf5
21. Bh5 Bg6 22. Bxg6 fxg6 23. Rde1 Nb6 24. Nd4 Nc4 25. b3 Nd6 26. Kd2 Re4 27.
Rxe4 dxe4 28. c4 c5 29. Ne2 Rd8 30. Kc2 Nf5 31. Nc3 Nd4+ 32. Kc1 e3 33. Nd5 e2
34. Nc3 Re8 35. Re1 Kd7 36. Kb2 Kc6 37. a3 a6 38. b4 b6 39. Kc1 b5 40. cxb5+
axb5 41. Kb2 Re3 42. bxc5 Kxc5 43. Nxe2 Rxe2+ 44. Rxe2 Nxe2 45. Kb3 Kd5 46. Kb4
Nd4 47. a4 bxa4 48. Kxa4 Nf3 49. h3 Ke4 50. Kb4 Ng1 51. Kc5 Nxh3 52. Kd6 Kf5
53. Ke7 Nf2 54. Kf7 Ng4 55. Kg7 g5 56. fxg5 Kxg5 57. Kf7 Ne3 58. Ke6 Nf1 59. g4
Ne3 0-1

[Event "Veteranos"]
[Site "?"]
[Date "2010.??.??"]
[Round "2.15"]
[White "Ubeda, Angel"]
[Black "Latorre, Francisco"]
[Result "0-1"]
[WhiteElo "1513"]
[BlackElo "1517"]
[PlyCount "99"]

1. d4 Nf6 2. c4 e6 3. Nc3 c5 4. Nf3 d5 5. b3 Nc6 6. Bf4 a6 7. e3 Be7 8. Be2
cxd4 9. Nxd4 Bb4 10. Qc2 Ne4 11. Nxc6 bxc6 12. Be5 f6 13. a3 Qa5 14. O-O Bxc3
15. Bxc3 Qxc3 16. Rac1 Qxc2 17. Rxc2 O-O 18. cxd5 cxd5 19. Rc7 Nd2 20. Rfc1
Nxb3 21. R1c6 Na5 22. Rc3 Nc4 23. Bf3 a5 24. R3xc4 dxc4 25. Bxa8 Ba6 26. Bf3
Rc8 27. Rxc8+ Bxc8 28. Kf1 Ba6 29. Ke1 Kf7 30. Kd2 Ke7 31. Kc3 Kd6 32. Be2 Kc5
33. g4 g5 34. f4 h6 35. h3 Bb5 36. Bf1 e5 37. f5 Bc6 38. Bxc4 Bg2 39. Be2 Bxh3
40. Kb3 Bg2 41. Ka4 Kb6 42. Kb3 e4 43. Kc4 Bf3 44. Kd5 Bxe2 45. Ke6 Bxg4 46.
Kxf6 Kc6 47. Kg6 Kd6 48. f6 Be6 49. f7 Bxf7+ 50. Kf5 0-1

[Event "Veteranos"]
[Site "?"]
[Date "2010.??.??"]
[Round "2.16"]
[White "Cristóbal, Angel"]
[Black "Cervera, Ramón"]
[Result "1-0"]
[WhiteElo "1515"]
[BlackElo "1611"]
[PlyCount "48"]

1. e4 Nf6 2. d3 e5 3. Nf3 Nc6 4. a3 d5 5. exd5 Nxd5 6. g3 Bg4 7. Bg2 Bc5 8. O-O
O-O 9. Nbd2 f5 10. Qe1 Re8 11. b4 Bb6 12. c4 Bxf3 13. Bxf3 Bd4 14. Bxd5+ Kh8
15. Ra2 Ne7 16. Bxb7 Rb8 17. Bg2 a6 18. Nf3 Ng6 19. Nxd4 exd4 20. Qd1 Rb6 21.
Re2 Rf8 22. Bd5 h5 23. Re6 Rxe6 24. Bxe6 c6 1-0

[Event "Veteranos"]
[Site "?"]
[Date "2010.??.??"]
[Round "2.17"]
[White "López, Jesús"]
[Black "Burillo, Amelia"]
[Result "1-0"]
[WhiteElo "1500"]
[BlackElo "1500"]
[PlyCount "61"]

1. d4 Nf6 2. c4 e6 3. Nc3 Bb4 4. Bd2 d6 5. d5 exd5 6. cxd5 O-O 7. e4 Bxc3 8.
Bxc3 Nxe4 9. Bd3 Nc5 10. Bc2 Re8+ 11. Ne2 Nbd7 12. O-O Nf6 13. Nf4 b6 14. b4
Nce4 15. Bb2 Bb7 16. Ba4 Re7 17. f3 Ng5 18. Bxf6 gxf6 19. Qd4 Re5 20. h4 Rf5
21. hxg5 fxg5 22. Nh5 f6 23. g4 Re5 24. f4 gxf4 25. Rxf4 Qe7 26. Nxf6+ Kg7 27.
Raf1 Rf8 28. Nh5+ Kg8 29. Rxf8+ Qxf8 30. Rxf8+ Kxf8 31. Qf4+ 1-0

[Event "Veteranos"]
[Site "?"]
[Date "2010.??.??"]
[Round "2.18"]
[White "Moreno, Ignacio"]
[Black "Pardo, Venancio"]
[Result "1/2-1/2"]
[WhiteElo "1500"]
[BlackElo "1824"]
[PlyCount "110"]

1. e4 c5 2. Nf3 Nc6 3. Nc3 g6 4. Bb5 a6 5. Bxc6 dxc6 6. O-O Nf6 7. d3 Bg7 8. h3
O-O 9. Bf4 Qb6 10. Na4 Qb5 11. c3 Rd8 12. c4 Qa5 13. Bd2 Qc7 14. Nxc5 b6 15.
Nb3 Rxd3 16. Nc1 Rd8 17. Qc2 c5 18. Re1 Nh5 19. Ne2 Bb7 20. g4 Nf6 21. Ng3 Rd7
22. Bc3 Ne8 23. Bxg7 Nxg7 24. Rad1 Rad8 25. Rxd7 Qxd7 26. Re2 Ne6 27. Rd2 Nd4
28. Nxd4 cxd4 29. Qd3 e5 30. Ne2 Qc6 31. f3 a5 32. Nc3 Qc5 33. Nd5 Rc8 34. b3
Ba6 35. f4 exf4 36. Nxf4 b5 37. Qxd4 Qxd4+ 38. Rxd4 bxc4 39. bxc4 Rxc4 40. Rxc4
Bxc4 41. a3 Kg7 42. Kf2 Kf6 43. Ke3 g5 44. Nd3 Ke6 45. Nc5+ Ke5 46. Nd7+ Kd6
47. Nf6 Ke5 48. Nxh7 f6 49. Nf8 Bf1 50. Ng6+ Ke6 51. Nf8+ Ke7 52. Nh7 Bxh3 53.
Kf3 Bf1 54. e5 fxe5 55. Ke4 Bh3 1/2-1/2

[Event "Veteranos"]
[Site "?"]
[Date "2010.??.??"]
[Round "3.1"]
[White "Sarto, Angel"]
[Black "Gimeno, José Andrés"]
[Result "1-0"]
[WhiteElo "1962"]
[BlackElo "1741"]
[PlyCount "41"]

1. Nf3 Nf6 2. d4 c5 3. e3 d5 4. Nbd2 Nc6 5. h3 e6 6. c3 c4 7. Ne5 Bd6 8. f4 O-O
9. Be2 Bd7 10. O-O Ne7 11. g4 b5 12. Qc2 Bc6 13. Bf3 Nd7 14. e4 Nxe5 15. fxe5
Bc7 16. exd5 exd5 17. Bg2 Ng6 18. Nf3 Nh4 19. Ng5 Ng6 20. Be3 h6 21. Nxf7 1-0

[Event "Veteranos"]
[Site "?"]
[Date "2010.??.??"]
[Round "3.2"]
[White "Sanz, Alberto"]
[Black "Domínguez, Fernando"]
[Result "0-1"]
[WhiteElo "1782"]
[BlackElo "2069"]
[PlyCount "80"]

1. e4 c5 2. b4 b6 3. Bc4 Bb7 4. d3 Nf6 5. Bb2 e6 6. bxc5 bxc5 7. Nc3 d5 8. Bb5+
Nc6 9. e5 Nd7 10. Nf3 d4 11. Bxc6 Bxc6 12. Ne4 Bxe4 13. dxe4 Rb8 14. Bc1 Qc7
15. Bf4 g6 16. O-O Bg7 17. Qd3 Nxe5 18. Nxe5 Bxe5 19. Bxe5 Qxe5 20. f4 Qd6 21.
c3 O-O 22. cxd4 cxd4 23. Rad1 Rfd8 24. f5 e5 25. f6 Re8 26. g4 Qe6 27. Qh3 h5
28. Qg3 Qxg4 29. Qxg4 hxg4 30. Kg2 Rb2+ 31. Kg3 Rxa2 32. Ra1 Rxa1 33. Rxa1 Re6
34. Kxg4 Rxf6 35. Rxa7 Kg7 36. Kg5 Rf4 37. h4 Rxe4 38. h5 gxh5 39. Kxh5 d3 40.
Kg5 d2 0-1

[Event "Veteranos"]
[Site "?"]
[Date "2010.??.??"]
[Round "3.3"]
[White "Martínez, Manuel"]
[Black "Argüeso, Manuel"]
[Result "1/2-1/2"]
[WhiteElo "1689"]
[BlackElo "1824"]
[PlyCount "169"]

1. d4 d5 2. Nf3 c6 3. a3 Nf6 4. g3 Bg4 5. Ne5 Bf5 6. Bg2 Nbd7 7. Nd3 e6 8. O-O
Bd6 9. Bf4 Bxf4 10. Nxf4 e5 11. dxe5 Nxe5 12. Nd2 O-O 13. c3 Qb6 14. Qb3 Qc7
15. Rfe1 Ng6 16. Nd3 Rfe8 17. c4 Rad8 18. Rac1 d4 19. Nc5 b6 20. Na6 Qc8 21.
Nb4 c5 22. Nd5 Ne4 23. Nxe4 Bxe4 24. Bxe4 Rxe4 25. Qf3 Rde8 26. Rc2 Qh3 27. Rd2
Nh4 28. gxh4 Qxf3 29. exf3 Rxe1+ 30. Kg2 Rc1 31. b3 h5 32. Nc7 Ree1 33. Nb5
Rg1+ 34. Kh3 Ra1 35. a4 Rab1 36. Rd3 Rb2 37. Nxa7 Rxf2 38. Nc8 Rg6 39. Ne7+ Kh7
40. Nxg6 Kxg6 41. Kg3 Re2 42. h3 Kf5 43. Rd1 Rb2 44. Rd3 Rc2 45. Rd1 Rc3 46.
Rb1 d3 47. b4 cxb4 48. Rxb4 d2 49. Rb5+ Ke6 50. Rd5 Rxc4 51. Rxd2 Rxa4 52. Rb2
Ra6 53. Rb3 Kd5 54. Kf4 Kc4 55. Re3 Ra7 56. Re4+ Kc3 57. Re3+ Kd2 58. Rb3 Rb7
59. Ke4 Kc2 60. Rb5 Kc3 61. Kd5 Rb8 62. Kc6 Kd4 63. Rxh5 b5 64. Kc7 Re8 65.
Rxb5 Ke3 66. Rf5 f6 67. Kd6 Kf2 68. h5 Kg3 69. h6 gxh6 70. Rxf6 h5 71. f4 Kxh3
72. Rg6 Re4 73. f5 Rg4 74. Ke6 h4 75. Kf7 Kg3 76. Rh6 h3 77. f6 h2 78. Rxh2
Kxh2 79. Kf8 Kg3 80. f7 Kh4 81. Ke7 Re4+ 82. Kf6 Rf4+ 83. Ke7 Kg5 84. f8=Q Rxf8
85. Kxf8 1/2-1/2

[Event "Veteranos"]
[Site "?"]
[Date "2010.??.??"]
[Round "3.4"]
[White "Navarro, Jesús"]
[Black "Ruiz, José Manuel"]
[Result "1-0"]
[WhiteElo "1850"]
[BlackElo "1899"]
[PlyCount "117"]

1. e4 c5 2. Nf3 e6 3. d4 cxd4 4. Nxd4 a6 5. Nc3 Qc7 6. Bd3 Nf6 7. O-O Nc6 8.
Nxc6 bxc6 9. f4 d6 10. Kh1 Be7 11. Be3 O-O 12. Qf3 Rb8 13. b3 Bb7 14. Qh3 e5
15. fxe5 dxe5 16. Bg5 Rbd8 17. Ne2 c5 18. Ng3 Bc8 19. Qh4 Rd4 20. Bxf6 Bxf6 21.
Rxf6 gxf6 22. Nh5 Rfd8 23. Nxf6+ Kf8 24. Nxh7+ Kg7 25. Nf6 Be6 26. Rf1 Kf8 27.
Rf3 Qa5 28. h3 Qd2 29. Bxa6 Qxc2 30. Nh7+ Ke8 31. Bb5+ R8d7 32. Qg3 Kd8 33.
Bxd7 Kxd7 34. Nf8+ Kd6 35. Nxe6 fxe6 36. Rf8 Qxe4 37. Qg5 Qe2 38. Qd8+ Kc6 39.
Qa8+ Kd6 40. Rd8+ Ke7 41. Re8+ Kf6 42. Rf8+ Ke7 43. Qe8+ Kd6 44. Rf6 Kd5 45.
Qxe6+ Ke4 46. Qc6+ Kd3 47. Qxc5 e4 48. Qb5+ Kd2 49. Qc5 Qe1+ 50. Kh2 Qe3 51.
Rf1 Ke2 52. Qb5+ Qd3 53. Qf5 Qe3 54. Rg1 Rd3 55. Qg4+ Kf2 56. Qf5+ Ke2 57. Qf1+
Kd2 58. Qc1+ Ke2 59. Re1+ 1-0

[Event "Veteranos"]
[Site "?"]
[Date "2010.??.??"]
[Round "3.5"]
[White "Marín, Angel María"]
[Black "Yáñez, Gonzalo"]
[Result "1/2-1/2"]
[WhiteElo "1712"]
[BlackElo "1895"]
[PlyCount "59"]

1. Nf3 d5 2. c4 c6 3. g3 dxc4 4. Bg2 Nf6 5. Qc2 g6 6. Qxc4 Bg7 7. O-O O-O 8. d3
Nbd7 9. Nbd2 Nb6 10. Qc2 Be6 11. Ng5 Bd7 12. Rb1 Qc8 13. b3 h6 14. Ngf3 Bh3 15.
Ba3 Re8 16. Nc4 Bxg2 17. Kxg2 Nfd7 18. Bb2 Rd8 19. Nce5 Nxe5 20. Nxe5 Nd7 21.
f4 Qc7 22. Qc4 Nxe5 23. fxe5 e6 24. d4 Qa5 25. b4 Qd5+ 26. Qxd5 cxd5 27. Rbc1
Rac8 28. a4 h5 29. Rxc8 Rxc8 30. Rc1 1/2-1/2

[Event "Veteranos"]
[Site "?"]
[Date "2010.??.??"]
[Round "3.6"]
[White "Navarro, Rafael"]
[Black "Edeso, Francisco"]
[Result "0-1"]
[WhiteElo "1673"]
[BlackElo "1797"]
[PlyCount "68"]

1. d4 d5 2. e4 e6 3. Bd3 c5 4. dxc5 dxe4 5. Bb5+ Bd7 6. Bxd7+ Qxd7 7. Qxd7+
Nxd7 8. b4 a5 9. c3 g6 10. Bb2 Bg7 11. a3 Ne7 12. Nd2 axb4 13. axb4 Rxa1+ 14.
Bxa1 f5 15. Ne2 Nd5 16. O-O Kf7 17. Nc4 Ra8 18. Nd6+ Ke7 19. Nxb7 Nxb4 20. cxb4
Bxa1 21. c6 Nb6 22. Rd1 Be5 23. Rb1 Ra2 24. Kf1 Nd5 25. b5 Rxe2 26. b6 Rb2 27.
Rxb2 Bxb2 28. Nc5 Nxb6 29. Nb7 Be5 30. g3 Nd5 31. Ke2 Nb4 32. Na5 Bc7 33. Nc4
Nxc6 34. Ke3 Ne5 0-1

[Event "Veteranos"]
[Site "?"]
[Date "2010.??.??"]
[Round "3.7"]
[White "Martínez, Juan"]
[Black "López, Jesús"]
[Result "1-0"]
[WhiteElo "1841"]
[BlackElo "1500"]
[PlyCount "79"]

1. e4 e6 2. d4 d5 3. Nd2 Nc6 4. c3 e5 5. exd5 Qxd5 6. Ngf3 e4 7. Bc4 Qf5 8. Qe2
Nf6 9. Nh4 Qg4 10. Qxg4 Bxg4 11. h3 Bd7 12. g4 h6 13. O-O Bd6 14. Re1 Na5 15.
Nxe4 Nxe4 16. Rxe4+ Be7 17. Bd3 Nc6 18. b4 Be6 19. Nf5 O-O-O 20. b5 Bxf5 21.
gxf5 Nb8 22. Rxe7 Rd7 23. f6 gxf6 24. Bf5 Kd8 25. Rxd7+ Nxd7 26. Bxd7 Kxd7 27.
Bf4 Re8 28. Kf1 Re4 29. Bg3 h5 30. Re1 f5 31. Rxe4 fxe4 32. Ke2 c6 33. bxc6+
Kxc6 34. Ke3 f5 35. c4 a6 36. d5+ Kd7 37. a4 Kc8 38. Kf4 b5 39. cxb5 axb5 40.
axb5 1-0

[Event "Veteranos"]
[Site "?"]
[Date "2010.??.??"]
[Round "3.8"]
[White "Royo, Manuel"]
[Black "Cristóbal, Angel"]
[Result "1-0"]
[WhiteElo "1950"]
[BlackElo "1515"]
[PlyCount "21"]

1. e4 e5 2. Nf3 d6 3. d4 exd4 4. Bc4 h6 5. c3 Be6 6. Bxe6 fxe6 7. Nxd4 e5 8.
Qh5+ Kd7 9. Qf5+ Ke8 10. Qg6+ Kd7 11. Qe6# 1-0

[Event "Veteranos"]
[Site "?"]
[Date "2010.??.??"]
[Round "3.10"]
[White "Arteaga, Francisco"]
[Black "Pinilla, José Carlos"]
[Result "1-0"]
[WhiteElo "1709"]
[BlackElo "1500"]
[PlyCount "57"]

1. d4 d5 2. c4 e6 3. Nc3 dxc4 4. e3 a6 5. a4 Bb4 6. Bxc4 Bd7 7. Nf3 f6 8. O-O
c5 9. dxc5 Bxc5 10. Ne4 Bb4 11. Nd6+ Bxd6 12. Qxd6 Qe7 13. Qg3 Nh6 14. Nd4 e5
15. Nc2 Be6 16. Bxe6 Qxe6 17. Qxg7 Nf7 18. Bd2 Nc6 19. Bc3 Ke7 20. Qg3 Rag8 21.
Qf3 Ng5 22. Qe2 Qf5 23. Nd4 exd4 24. exd4+ Ne4 25. f3 Nxd4 26. Bxd4 Qd5 27.
Qxe4+ Qxe4 28. fxe4 Rg4 29. Bxf6+ 1-0

[Event "Veteranos"]
[Site "?"]
[Date "2010.??.??"]
[Round "3.11"]
[White "Codina, Juan"]
[Black "Félez, Carlos"]
[Result "1-0"]
[WhiteElo "1608"]
[BlackElo "1634"]
[PlyCount "79"]

1. d4 Nf6 2. c4 g6 3. Nc3 d5 4. Bg5 Bg7 5. h3 c6 6. e3 Be6 7. Qb3 b6 8. Nf3 Ne4
9. Nxe4 dxe4 10. Nd2 f5 11. Qc2 O-O 12. c5 Nd7 13. cxb6 Qxb6 14. Bxe7 Rfc8 15.
Nc4 Bxc4 16. Bxc4+ Kh8 17. O-O Qb7 18. Bd6 c5 19. Qe2 cxd4 20. exd4 Qc6 21. Ba6
Qxd6 22. Bxc8 Rxc8 23. Rad1 Nb6 24. b3 Nd5 25. Rc1 Nc3 26. Qd2 Qxd4 27. Qxd4
Bxd4 28. Rc2 Rd8 29. g3 Be5 30. Kg2 Rd1 31. Rxd1 Nxd1 32. Rd2 Nc3 33. Rd8+ Kg7
34. Rd7+ Kh6 35. Rxa7 f4 36. gxf4 Bxf4 37. a4 Bd6 38. a5 Bb4 39. a6 Nd5 40. Rb7
1-0

[Event "Veteranos"]
[Site "?"]
[Date "2010.??.??"]
[Round "3.12"]
[White "Requeno, Juan José"]
[Black "Beltrán, Alfredo"]
[Result "0-1"]
[WhiteElo "1500"]
[BlackElo "1700"]
[PlyCount "125"]

1. d4 Nf6 2. Nf3 d5 3. e3 Bg4 4. c4 e6 5. cxd5 exd5 6. Be2 c6 7. O-O Bd6 8.
Nbd2 O-O 9. a4 Re8 10. b3 Nbd7 11. Ba3 Bxa3 12. Rxa3 Qe7 13. Ra1 Qb4 14. Ne1
Bxe2 15. Qxe2 Ne4 16. Nxe4 Rxe4 17. Qb2 Rae8 18. Nc2 Qd6 19. f3 Rh4 20. Qc3
Qxh2+ 21. Kf2 Qd6 22. Rh1 Rxh1 23. Rxh1 Qc7 24. b4 Nb6 25. a5 Nc4 26. Qd3 g6
27. e4 Qf4 28. exd5 cxd5 29. Re1 Qh4+ 30. Kf1 Rxe1+ 31. Nxe1 Qe7 32. Nc2 a6 33.
Kf2 Nb2 34. Qd2 Qh4+ 35. Kg1 Nc4 36. Qd3 Qf4 37. Kf2 Nb2 38. Qe2 Kf8 39. Ne3
Qh4+ 40. Kg1 Qxd4 41. Kf1 Nc4 42. Nd1 Qd2 43. Qxd2 Nxd2+ 44. Ke2 Nb1 45. Nb2
Ke7 46. Nd3 Nc3+ 47. Ke3 Na2 48. Nc5 Nxb4 49. Nxb7 Nc6 50. Nc5 Kd6 51. Nxa6
Nxa5 52. Nb4 f5 53. Nd3 g5 54. g3 Nc6 55. f4 d4+ 56. Kf3 g4+ 57. Ke2 Kd5 58.
Nb2 Nb4 59. Na4 d3+ 60. Kd2 Ke4 61. Nc5+ Kf3 62. Nxd3 Nxd3 63. Kxd3 0-1

[Event "Veteranos"]
[Site "?"]
[Date "2010.??.??"]
[Round "3.13"]
[White "Pardo, Venancio"]
[Black "Pellicer, Rafael José"]
[Result "0-1"]
[WhiteElo "1824"]
[BlackElo "1811"]
[PlyCount "111"]

1. d4 d5 2. c4 c6 3. Nc3 f5 4. cxd5 cxd5 5. Nf3 e6 6. Bg5 Nf6 7. e3 a6 8. Bd3
Bd6 9. O-O O-O 10. a4 Qe8 11. Rc1 Qg6 12. Ne2 Ne4 13. Bf4 Bxf4 14. Nxf4 Qf6 15.
Ne5 Qe7 16. Bxe4 fxe4 17. Nfg6 hxg6 18. Nxg6 Qf6 19. Qh5 Nd7 20. Qh8+ Kf7 21.
Nxf8 Nxf8 22. Rc7+ Ke8 23. Rfc1 Bd7 24. Rxb7 Qh6 25. Qxh6 gxh6 26. b3 Rc8 27.
Rxc8+ Bxc8 28. Rg7 h5 29. Rg8 a5 30. Rh8 Ba6 31. Rxh5 Bd3 32. Rg5 Kf7 33. h4
Bc2 34. h5 Bxb3 35. h6 Ng6 36. f4 exf3 37. gxf3 Bxa4 38. f4 Bb3 39. Rg2 a4 40.
Rb2 Kg8 41. Kf1 Kh7 42. Ke1 Ne7 43. Rh2 Nf5 44. Kd2 a3 45. Kc3 a2 46. Rh1 Bc4
47. e4 Ng3 48. Re1 Nxe4+ 49. Kb2 Kxh6 50. Rg1 Nf2 51. Rg2 Nd3+ 52. Ka1 Nxf4 53.
Rf2 Kg5 54. Rb2 Kf5 55. Rf2 Ke4 56. Re2+ 0-1

[Event "Veteranos"]
[Site "?"]
[Date "2010.??.??"]
[Round "3.15"]
[White "Solana, Angel"]
[Black "Otal, José Miguel"]
[Result "0-1"]
[WhiteElo "1570"]
[BlackElo "1577"]
[PlyCount "136"]

1. d4 Nf6 2. c4 d5 3. Nc3 c6 4. e3 a6 5. Nf3 b5 6. cxd5 cxd5 7. b4 Bb7 8. a3
Nbd7 9. Bb2 e6 10. Rc1 Nb6 11. Ne5 Rc8 12. Bd3 Nc4 13. Bxc4 bxc4 14. O-O Be7
15. Qa4+ Nd7 16. Rfe1 Qc7 17. Nxd7 Qxd7 18. Qxd7+ Kxd7 19. b5 Rc7 20. bxa6 Bxa6
21. e4 Bb7 22. exd5 exd5 23. Re2 Re8 24. Rce1 Bc6 25. a4 f6 26. a5 Ra7 27. Ra1
Bb4 28. Rxe8 Kxe8 29. a6 Kd7 30. Kf1 Kc7 31. Ke2 Kb6 32. f4 Rxa6 33. f5 Rxa1
34. Bxa1 h5 35. g3 Bxc3 36. Bxc3 Bd7 37. Kf3 Bxf5 38. Bb4 Be4+ 39. Ke3 g6 40.
Kd2 Kc6 41. Kc3 Kd7 42. Bf8 Ke6 43. Kd2 Kf5 44. Ke1 Kg4 45. Kf2 f5 46. Bh6 h4
47. Bd2 hxg3+ 48. hxg3 g5 49. Bc1 f4 50. gxf4 gxf4 51. Bd2 Kf5 52. Bb4 Kg4 53.
Bc3 Kh3 54. Bb4 Kg4 55. Ba5 Bh1 56. Bd2 Kf5 57. Kg1 Bf3 58. Kf2 Ke4 59. Bc1 Bh5
60. Bd2 Kxd4 61. Bxf4 Kd3 62. Ke1 c3 63. Bc1 Ke4 64. Bh6 d4 65. Bc1 Kd3 66. Bg5
Kc2 67. Bf6 d3 68. Bg5 d2+ 0-1

[Event "Veteranos"]
[Site "?"]
[Date "2010.??.??"]
[Round "3.16"]
[White "Burillo, Amelia"]
[Black "Ubeda, Angel"]
[Result "1-0"]
[WhiteElo "1500"]
[BlackElo "1513"]
[PlyCount "63"]

1. Nf3 Nf6 2. c4 g6 3. Nc3 Bg7 4. e4 d6 5. d4 O-O 6. Be2 e5 7. d5 a6 8. Bg5
Nbd7 9. Nd2 c6 10. O-O Qc7 11. Rb1 b5 12. b3 b4 13. Na4 c5 14. f3 Re8 15. Bd3
Nb6 16. Nxb6 Qxb6 17. f4 Ng4 18. f5 Nh6 19. f6 Bh8 20. Bxh6 a5 21. Qe1 Qd8 22.
Qf2 Bd7 23. Rbe1 a4 24. Re3 axb3 25. axb3 Qa5 26. Rg3 Qa2 27. h4 Qb2 28. h5 Ra2
29. hxg6 Bxf6 30. Qxf6 Qd4+ 31. Rf2 Ra1+ 32. Kh2 1-0

[Event "Veteranos"]
[Site "?"]
[Date "2010.??.??"]
[Round "3.17"]
[White "Cervera, Ramón"]
[Black "Samper, Julio Alfredo"]
[Result "1-0"]
[WhiteElo "1611"]
[BlackElo "1540"]
[PlyCount "107"]

1. c4 c6 2. Nc3 Nf6 3. g3 e6 4. Bg2 d5 5. cxd5 cxd5 6. d4 Bd7 7. Nf3 Be7 8. Ne5
Nc6 9. Nxd7 Qxd7 10. e3 Rd8 11. f4 Na5 12. O-O O-O 13. Bd2 Nc4 14. Bc1 Qc7 15.
b3 Qa5 16. Qd3 Nb6 17. Rf2 Nbd7 18. Rc2 Rc8 19. Bd2 Nb6 20. Ne4 Qa6 21. Qxa6
bxa6 22. Nxf6+ Bxf6 23. Rac1 Rxc2 24. Rxc2 Rc8 25. Rxc8+ Nxc8 26. Bf1 g5 27.
Bb4 gxf4 28. gxf4 Be7 29. Bd2 Ba3 30. Bxa6 Nd6 31. Bd3 f5 32. Ba5 Nc8 33. Bc7
Nb6 34. Bb8 Nc8 35. Ba6 Ne7 36. Bxa7 Kg7 37. Bc5 Bxc5 38. dxc5 Kf6 39. Bb7 e5
40. Kf2 e4 41. c6 Ke6 42. b4 Kd6 43. b5 Kc7 44. a4 Nc8 45. Bxc8 Kxc8 46. b6 h5
47. h4 Kb8 48. a5 Kc8 49. a6 Kb8 50. Ke2 d4 51. exd4 e3 52. d5 Ka8 53. d6 Kb8
54. d7 1-0

[Event "Veteranos"]
[Site "?"]
[Date "2010.??.??"]
[Round "4.1"]
[White "Domínguez, Fernando"]
[Black "Sarto, Angel"]
[Result "1-0"]
[WhiteElo "2069"]
[BlackElo "2042"]
[PlyCount "55"]
[EventDate "2010.04.10"]

1. e4 g6 2. d4 c6 3. Nc3 d5 4. Bf4 Bg7 5. exd5 cxd5 6. Nb5 Na6 7. Qe2 Kf8 8.
Nf3 Bg4 9. c3 Nf6 10. h3 Bf5 11. Qe3 Ne4 12. Bd3 f6 13. O-O g5 14. Bh2 h5 15.
Bxe4 dxe4 16. Nd2 Bd7 17. a4 f5 18. f3 exf3 19. Nxf3 f4 20. Nxg5 e5 21. Bxf4
Kg8 22. Bxe5 Qe8 23. Nd6 Qg6 24. Bxg7 Qxd6 25. Bxh8 Re8 26. Be5 Qg6 27. Qf4 Be6
28. Nxe6 1-0

[Event "Veteranos"]
[Site "?"]
[Date "2010.??.??"]
[Round "4.2"]
[White "Argüeso, Manuel"]
[Black "Navarro, Jesús"]
[Result "0-1"]
[WhiteElo "1824"]
[BlackElo "1850"]
[PlyCount "124"]

1. d4 d5 2. Nf3 Nc6 3. c3 Nf6 4. e3 Bg4 5. Nbd2 e5 6. dxe5 Nxe5 7. Qa4+ Bd7 8.
Qb3 Nxf3+ 9. Nxf3 b6 10. Ne5 Bd6 11. Nxd7 Qxd7 12. Be2 O-O 13. O-O Ne4 14. g3
c6 15. Qd1 Rad8 16. f3 Nf6 17. Re1 Rfe8 18. Bf1 Qc7 19. Bg2 a5 20. Re2 Bc5 21.
Qc2 b5 22. Kf1 Qa7 23. e4 dxe4 24. fxe4 Ng4 25. Bf3 Ne5 26. Bg2 Re6 27. Bg5
Rdd6 28. Rd1 h6 29. Rxd6 Rxd6 30. Bf4 f6 31. Bh3 Qe7 32. b3 Qd8 33. Rd2 g5 34.
Rxd6 Qxd6 35. Bc1 Bb6 36. Qd2 Qc5 37. Ke2 Qf2+ 38. Kd1 Qf3+ 39. Qe2 Qxc3 40.
Qd2 Qxd2+ 41. Kxd2 Nf3+ 42. Kd1 Bg1 43. Ke2 Nd4+ 44. Kf1 Bxh2 45. Kg2 Bxg3 46.
Kxg3 Ne2+ 47. Kf3 Nxc1 48. Bd7 Nxa2 49. Bxc6 Nc3 50. Bd7 h5 51. Ke3 Kf7 52. Kd3
b4 53. Bf5 g4 54. Ke3 Ke7 55. Kf2 Kd6 56. Kg3 Ke5 57. Bg6 Nxe4+ 58. Kh4 f5 59.
Bxh5 g3 60. Kh3 f4 61. Kg2 Nd2 62. Bf7 Kd4 0-1

[Event "Veteranos"]
[Site "?"]
[Date "2010.??.??"]
[Round "4.3"]
[White "Yáñez, Gonzalo"]
[Black "Martínez, Manuel"]
[Result "1/2-1/2"]
[WhiteElo "1895"]
[BlackElo "1689"]
[PlyCount "57"]

1. e4 e5 2. Nf3 d6 3. Bc4 Be7 4. d4 exd4 5. Nxd4 Bf6 6. O-O Ne7 7. Nc3 O-O 8.
Nd5 Nxd5 9. exd5 Nd7 10. Be3 Ne5 11. Be2 Re8 12. c3 a6 13. h3 b6 14. Nf3 Bb7
15. Qd2 h6 16. Rfe1 Re7 17. Bd4 Qf8 18. Bxe5 dxe5 19. Rad1 Rd8 20. Bc4 Rd6 21.
Qe2 e4 22. Nd4 h5 23. Bb3 Bxd5 24. Nf5 Bxb3 25. Nxe7+ Qxe7 26. axb3 Re6 27. Rd2
Rd6 28. Qe3 Re6 29. Qe2 1/2-1/2

[Event "Veteranos"]
[Site "?"]
[Date "2010.??.??"]
[Round "4.4"]
[White "Arteaga, Francisco"]
[Black "Martínez, Juan"]
[Result "0-1"]
[WhiteElo "1709"]
[BlackElo "1841"]
[PlyCount "70"]

1. d4 d5 2. c4 c6 3. cxd5 cxd5 4. Nc3 Nf6 5. e3 Nc6 6. Bb5 Bd7 7. Nge2 a6 8.
Bd3 e6 9. O-O Bd6 10. f4 Nb4 11. Bb1 Rc8 12. a3 Nc6 13. Ng3 b5 14. Bd2 b4 15.
Nce2 bxa3 16. bxa3 Na5 17. Bd3 Nc4 18. Bc1 O-O 19. Kh1 Qe7 20. a4 Rc7 21. Ng1
Rfc8 22. Qe2 Bb4 23. Nf3 h6 24. Ne5 Bc3 25. Ra2 a5 26. f5 Nxe5 27. dxe5 Bxe5
28. Bd2 Bxg3 29. hxg3 Rc5 30. Kh2 Ne4 31. Bxe4 dxe4 32. fxe6 Bxe6 33. Raa1 Bc4
34. Qg4 Bxf1 35. Rxf1 R8c7 0-1

[Event "Veteranos"]
[Site "?"]
[Date "2010.??.??"]
[Round "4.5"]
[White "Gimeno, José Andrés"]
[Black "Royo, Manuel"]
[Result "0-1"]
[WhiteElo "1741"]
[BlackElo "1950"]
[PlyCount "42"]

1. b3 d5 2. Bb2 c5 3. f4 Nc6 4. e3 a6 5. Nf3 f6 6. d4 e6 7. Be2 Nh6 8. Nc3 Bd6
9. Qd2 O-O 10. O-O-O Kh8 11. h3 cxd4 12. exd4 Qc7 13. g3 Nf5 14. Rhg1 Nxg3 15.
Qe1 Bxf4+ 16. Kb1 Nxe2 17. Nxe2 Bh6 18. Ng3 Bd7 19. Nh5 Be8 20. Ng3 Bg6 21.
Qxe6 Bxc2+ 0-1

[Event "Veteranos"]
[Site "?"]
[Date "2010.??.??"]
[Round "4.6"]
[White "Edeso, Francisco"]
[Black "Codina, Juan"]
[Result "1-0"]
[WhiteElo "1797"]
[BlackElo "1608"]
[PlyCount "159"]

1. d4 e6 2. c4 c6 3. Nf3 d5 4. cxd5 cxd5 5. Nc3 Bb4 6. Qa4+ Nc6 7. Bg5 Qa5 8.
Qxa5 Nxa5 9. e3 a6 10. Rc1 Bd7 11. Bd3 h6 12. Bh4 Ne7 13. Ne5 Nac6 14. f4 Nxe5
15. fxe5 Rc8 16. O-O Nc6 17. Na4 Bd2 18. Kf2 Bxc1 19. Rxc1 Nb4 20. Rxc8+ Bxc8
21. Bb1 O-O 22. Be7 Nc6 23. Bxf8 Kxf8 24. Nb6 Ne7 25. e4 Ke8 26. exd5 exd5 27.
Ke3 Be6 28. Na4 Nf5+ 29. Bxf5 Bxf5 30. Nc5 Bc8 31. Nd3 b5 32. b4 Ke7 33. Nc5 g5
34. Kf3 f6 35. Kg3 fxe5 36. dxe5 d4 37. Kf2 Be6 38. a3 Bc4 39. Kf3 Bd5+ 40. Kf2
h5 41. g3 Bc4 42. Kf3 Bd5+ 43. Kf2 Kf7 44. Ke2 Bc4+ 45. Kf3 Bd5+ 46. Ke2 Bc4+
47. Kf3 d3 48. Ke3 d2 49. Kxd2 Kg6 50. Ke3 Kf5 51. Kd4 Kg4 52. e6 Kh3 53. e7
Bf7 54. Ne4 Kxh2 55. Nxg5 Be8 56. Ne4 Kh3 57. Ke5 h4 58. gxh4 Kxh4 59. Kd6 Bf7
60. Kd7 Kg4 61. Nc5 Kf4 62. Nxa6 Ke5 63. Nc7 Kd4 64. Nxb5+ Kd5 65. e8=Q Bxe8+
66. Kxe8 Kc4 67. Nd6+ Kd5 68. Kd7 Kd4 69. b5 Kc5 70. a4 Kb6 71. Nc4+ Kb7 72. b6
Ka6 73. a5 Kb7 74. Nd6+ Kb8 75. a6 Ka8 76. Nb5 Kb8 77. a7+ Kb7 78. Nd6+ Ka8 79.
b7+ Kxa7 80. Kc8 1-0

[Event "Veteranos"]
[Site "?"]
[Date "2010.??.??"]
[Round "4.7"]
[White "Beltrán, Alfredo"]
[Black "Sanz, Alberto"]
[Result "1-0"]
[WhiteElo "1700"]
[BlackElo "1782"]
[PlyCount "79"]

1. d4 d6 2. Nf3 Nf6 3. g3 g6 4. Bg2 Bg7 5. O-O Nc6 6. c3 Bf5 7. Nbd2 Qd7 8. Re1
O-O-O 9. e4 Bg4 10. Qa4 Kb8 11. b4 h5 12. b5 h4 13. bxc6 Qe8 14. Rb1 b6 15.
Nxh4 Rh5 16. d5 Bc8 17. Rb3 e6 18. c4 exd5 19. cxd5 Nxd5 20. Ndf3 Nc3 21. Qc4
Rc5 22. Qd3 Nxa2 23. Bd2 Qxc6 24. Ng5 Re8 25. Nxf7 Nc1 26. Bxc1 Rxc1 27. Rb1
Rc3 28. Qd1 Rf8 29. Ng5 Bh6 30. Nxg6 Rf6 31. e5 Qc5 32. exf6 Qxg5 33. Ne7 Qxf6
34. Nd5 Qg7 35. Nxc3 Qxc3 36. Qd5 c6 37. Qxd6+ Kb7 38. Qxh6 a5 39. Rec1 Qd3 40.
Qxc6+ 1-0